| 000 | 01341nam a22003497a 4500 | ||
|---|---|---|---|
| 003 | EG-ScBUE | ||
| 005 | 20220717110135.0 | ||
| 006 | m||||f ||z 00| 0 | ||
| 008 | 140629s2010 enka f 000 0 eng d | ||
| 020 | _a9781906438463 | ||
| 040 |
_aEG-ScBUE _beng _erda _cEG-ScBUE _dEG-ScBUE |
||
| 082 | 0 | 4 |
_222 _a428.0076 _bOFF |
| 110 | 2 |
_936018 _aUniversity of Cambridge. _bESOL Examinations, _eauthor. |
|
| 245 | 1 | 0 |
_aOfficial IELTS practice materials / _cESOL Examinations, University of Cambridge, British Council, IELTS Australia. |
| 246 | 3 | 4 |
_aOfficial IELTS practice materials : _bupdated March 2009 |
| 264 | 1 |
_aCambridge : _bUniversity of Cambridge, ESOL Examinations, _c2010. |
|
| 300 |
_a85 pages : _billustrations ; _c30 cm + _e1 CD |
||
| 336 |
_2rdacontent _atext _btxt |
||
| 336 |
_2rdacontent _asounds _bsnd |
||
| 337 |
_2rdamedia _aunmediated _bn |
||
| 337 |
_2rdamedia _aaudio _bs |
||
| 338 |
_2rdacarrier _avolume _bnc |
||
| 338 |
_2rdacarrier _acomputer disc _bcd |
||
| 650 | 7 |
_936012 _aInternational English Language Testing System _vStudy guides. _2BUEsh |
|
| 650 | 7 |
_99157 _aEnglish language _vExaminations, questions, etc. _2BUEsh |
|
| 651 | _2BUEsh | ||
| 653 |
_cJune2014 _bHHUUEENN |
||
| 655 |
_vReading book _934232 |
||
| 710 | 2 |
_97731 _aBritish Council |
|
| 710 | 2 |
_97732 _aIELTS Australia |
|
| 942 |
_2ddc _k428.0076 OFF _cBB |
||
| 999 |
_c18324 _d18296 |
||